Obra reunida / (Registro nro. 11981)

000 -CABECERA
campo de control de longitud fija 02197nam a22003011a 4500
001 - NÚMERO DE CONTROL
campo de control 000087399
005 - FECHA Y HORA DE LA ÚLTIMA TRANSACCIÓN
campo de control 20200120224953.0
008 - DATOS DE LONGITUD FIJA--INFORMACIÓN GENERAL
campo de control de longitud fija 130204s1985 ck gr|||| 000 f spa d
020 ## - NÚMERO INTERNACIONAL ESTÁNDAR DEL LIBRO
Número Internacional Estándar del Libro 9789586655255
041 0# - CÓDIGO DE LENGUA
Código de lengua del texto/banda sonora o título independiente spa
043 ## - CÓDIGO DE ÁREA GEOGRÁFICA
Código de área geográfica s-ck---
090 ## - LOCALMENTE ASIGNADO TIPO-LC NÚMERO DE CLASIFICACIÓN (OCLC); NÚMERO DE CLASIFICACIÓN LOCAL (RLIN)
Número de clasificación (OCLC) (R) ; Numero de clasificación, CALL (RLIN) (NR) AN
Número cutter local (OCLC) ; Número de libro/Signatura topográfica íntegra, CALL (RLIN) RULob
100 1# - ENTRADA PRINCIPAL--NOMBRE DE PERSONA
Nombre de persona Rulfo, Juan,
Fechas asociadas al nombre 1918-1986.
245 10 - MENCIÓN DE TÍTULO
Título Obra reunida /
Mención de responsabilidad, etc. Juan Rulfo ; prólogo y cronología Jorge Ruffinelli ; diseño : Juan Fresán.
250 ## - MENCIÓN DE EDICIÓN
Mención de edición 2a. ed.
260 ## - PUBLICACIÓN, DISTRIBUCIÓN, ETC.
Lugar de publicación, distribución, etc. Caracas (Venezuela) :
Nombre del editor, distribuidor, etc. Fundación Biblioteca Ayacucho,
Fecha de publicación, distribución, etc. 1985.
300 ## - DESCRIPCIÓN FÍSICA
Extensión 334 páginas.
490 0# - MENCIÓN DE SERIE
Mención de serie Ministerio de Cultura, Plan Nacional de Lectura y Escritura Leer es mi Cuento, 2018"
520 ## - SUMARIO, ETC.
Sumario, etc. "Los tres libros que se incluyen en este volumen, El Llano en llamas, Pedro Páramo y El gallo de oro, son los únicos que publicó Juan Rulfo, y no hizo falta nada más para que se convirtiera en uno de los mayores escritores en lengua castellana. • Los diecisiete cuentos de El Llano en llamas funcionan como artefactos preciosos, pulidos en su prosa y parcos en su construcción, y sientan las bases para una nueva fundación de la literatura latinoamericana. • Pedro Páramo, "si no la mejor, si no la más larga, si no la más importante, sí la más bella de las novelas que se han escrito jamás en lengua castellana", según García Márquez, con ese pueblo lleno de susurros y sombras, donde solo se escuchan la memoria del pasado y sus alucinaciones como escenario, abjura del realismo mimético y genera una clara ruptura con la tradición novelística de América Latina. • Finalmente, El gallo de oro, su segunda novela, escrita entre 1956 y 1958, pero publicada recién en 1980, y que se utilizó previamente para producir la película homónima, es una novela breve y extraordinaria, en la que explora nuevos caminos y atmósferas."
600 14 - PUNTO DE ACCESO ADICIONAL DE MATERIA--NOMBRE DE PERSONA
Nombre de persona Rulfo, Juan,
Fechas asociadas al nombre 1918-1986
Subdivisión general Crítica e interpretación.
600 14 - PUNTO DE ACCESO ADICIONAL DE MATERIA--NOMBRE DE PERSONA
Nombre de persona Rulfo, Juan,
Fechas asociadas al nombre 1918-1986
Subdivisión general Cronología.
650 24 - PUNTO DE ACCESO ADICIONAL DE MATERIA--TÉRMINO DE MATERIA
Término de materia o nombre geográfico como elemento de entrada Literatura mexicana
Subdivisión cronológica Siglo XX
Subdivisión de forma Colecciones de escritos.
Fuente del encabezamiento o término LEMB
650 24 - PUNTO DE ACCESO ADICIONAL DE MATERIA--TÉRMINO DE MATERIA
Término de materia o nombre geográfico como elemento de entrada Novela mexicana
Subdivisión cronológica Siglo XX.
Fuente del encabezamiento o término LEMB
650 24 - PUNTO DE ACCESO ADICIONAL DE MATERIA--TÉRMINO DE MATERIA
Término de materia o nombre geográfico como elemento de entrada Cuentos mexicanos
740 3# - PUNTO DE ACCESO ADICIONAL--TÍTULO RELACIONADO O ANALÍTICO NO CONTROLADO
Título relacionado o analítico no controlado El llano en llamas.
740 0# - PUNTO DE ACCESO ADICIONAL--TÍTULO RELACIONADO O ANALÍTICO NO CONTROLADO
Título relacionado o analítico no controlado Pedro Páramo.
740 3# - PUNTO DE ACCESO ADICIONAL--TÍTULO RELACIONADO O ANALÍTICO NO CONTROLADO
Título relacionado o analítico no controlado El gallo de oro
Existencias
Estado de retiro Estado de pérdida Fuente del sistema de clasificación o colocación Estado dañado No para préstamo Código de colección Localización permanente Ubicación/localización actual Fecha de adquisición Número de inventario Total de préstamos Renovaciones totales Signatura topográfica completa Código de barras Fecha visto por última vez Fecha del último préstamo Número de copia Precio válido a partir de Tipo de ítem Koha Nota pública
          Literatura Adulto Biblioteca Pública San Juan Bosco Biblioteca Pública San Juan Bosco 20/01/2020 NT 3 1 AN RULob MOS019974 06/11/2024 03/10/2024 ej.1 20/01/2020 Libro Literatura Quince días

© Todos los derechos reservados para la Biblioteca Pública Municipal San Juan Bosco, 2020
Secretaria de Cultura de Mosquera
Carrera 3 N° 10 Esquina Centro Cultural Barrio El Carmén Teléfono: 8270830 Ext: 34
Funcionando con KOHA
Contacto: Biblioteca Pública Municipal San Juan Bosco/ bibliotecasanjuanbosco@mosquera-cundinamarca.gov.co
Mosquera, Cundinamarca